000 00665 a2200205 4500
010 _aENG-89639
020 _a818157382X
_c2000.00
035 _aEN-73172
037 _bDBAD / PUB
082 1 4 _a230.1
090 _c11380
_d11380
245 1 _aThe Mahabharata of vyasa
_ctranscreated from the Sanskrit by P.Lal
260 _aKolkata
_bWriters Workshop
_c2005
270 _a162/92, Lake Gardens,
_bKolkata
_e700 045
300 _ab.3 (1568p.)
_c22 cm ( Hb.)
505 _ab3- The complete Vana Parva
700 _aLal, P.
942 _adpl
_cEN
_k230.1/ MAH
999 _c11071
_d11071